01175 a2200205 45000010006000000050017000060080041000230030015000640400040000790800045001192450144001642640033003083000018003415050408003590410008007671000041007757000027008167000027008438560099008704549120260407155727.0260407a2013 arg spa dAR-UNSa-BCEJYS aAR-UNSa-BCEJYSbspacAR-UNSa-BCEJYS a342.7-055.15xDerechos de los niños/as10aEl derecho al registro universal y oportuno de niñas y niñospAvances y desafíos para la normativa legal y las estadísticas vitales 1aBuenos Aires :bUNICEFc2013 a91 p.c30 cm. a1. Avances en la implementación de la Ley 26.413 en las provincias – 2. Características sociosanitarias de los nacimientos y defunciones de menores de un año ocurridos en los establecimientos y áreas seleccionados – 3. Movilidad geográfica de la población para la atención de la salud – 4. Pareo de fuentes de información realizado en los establecimientos y áreas seleccionados.  aspa1 aFernández, María de las Mercedes1 aMarconi, Élida Hilda1 aGuevel, Carlos Gustavo41uhttps://www.biblioeco.unsa.edu.ar/pmb/images/libros/L127124.jpgyImagen de portadaqimage/jpeg